Geografia per immagini - Z - Statistics

Statistiche generali
  • Questo quiz è stato fatto 1.955 volte
  • Il punteggio medio è 7 su 15
Statistiche sulle risposte
con Immagini Hint Risposta % Corretto
paese Zambia
92%
capitale Zagabria
86%
paese Zimbabwe
85%
città Zurigo
72%
lingua e gruppo etnico Zulu
54%
paese (vecchio nome) Zaire
52%
arcipelago e regione autonoma africana Zanzibar
52%
moneta Złoty
40%
città croata Zara
37%
religione Zoroastrismo
33%
fiume Zambesi
30%
regione (in rosso) Zelanda
28%
località turistica svizzera Zermatt
25%
più alta montagna della Germania Zugspitze
15%
area naturale in California {Zabriskie} Point
11%
Nessun quiz corrispondente trovato
Distribuzione punteggi
Percentuale di utenti per punteggio
Percentile per numero di risposta
I tuoi punteggi nel tempo
Non hai fatto questo quiz